000 00365 a2200109 4500
001 ART_9914
005 20260410161847.0
008 260409a
245 1 0 _aEn torno al uso de los modelos en las ciencias y en particular en la ciencia económica
100 1 _aGini, Corrado
773 0 _tEconómica
_g- Año II, Nº 7/8 (ene./jul. 1956)
_wREV7541
999 _c24631
_d24631